La camiseta de Oscar

Guardat en:
Dades bibliogràfiques
Autor principal: Fernández García, César (Autor)
Format: Llibre
Idioma:espanyol
Publicat: Madrid Casals 2011
Edició:7a. ed
Col·lecció:Bambú Jóvenes Lectores
Matèries:
Etiquetes: Afegir etiqueta
Sense etiquetes, Sigues el primer a etiquetar aquest registre!

MARC

LEADER 00000cam a2200000 a 4500
001 UCD2096
003 CL-VaPUC
008 160414e20110000sp |||||||||||||||||spa|d
020 |a 9788483430132 
082 0 4 |a 863  |b FER  |2 21 
100 0 |a Fernández García, César  |e author  |9 585344 
245 1 3 |a La camiseta de Oscar 
250 |a 7a. ed 
300 |a 92 p 
942 |c BK 
945 |d 20160414 22:19:00  |a cmena 
260 |a Madrid  |b Casals  |c 2011 
650 0 |a Literatura juvenil   |9 309909 
650 0 |a Literatura española  |9 306261 
650 0 |a Novelas españolas  |9 265052 
583 |a last modification  |c 20160414 22:19:00  |k Rodrigo Vera 
490 0 |a Bambú Jóvenes Lectores 
999 |c 363291  |d 363289